[Event "Dos Hermanas Internet f 7th"]
[Site "ICC INT"]
[Date "2006.03.24"]
[Round "1.3"]
[White "Esquivel, Luis Enrique"]
[Black "Kamsky, Gata"]
[Result "0-1"]
[WhiteElo "2212"]
[BlackElo "2686"]
[PlyCount "60"]
[EventDate "2006.03.24"]
[EventType "k.o. (blitz)"]
[EventRounds "5"]
[EventCountry "ESP"]
[SourceTitle "CBM 111 Extra"]
[Source "ChessBase"]
[SourceDate "2006.05.09"]
[SourceVersion "1"]
[SourceVersionDate "2006.05.09"]
[SourceQuality "1"]

1. e4 c5 2. Nf3 e6 3. d4 cxd4 4. Nxd4 a6 5. c4 Nf6 6. Bd3 Nc6 7. Nxc6 dxc6 8.
O-O e5 9. Qe2 Bc5 10. a3 Bg4 11. Qc2 Be6 12. Nd2 a5 13. Rb1 a4 14. Nf3 Qc7 15.
b4 axb3 16. Qxb3 b6 17. Bb2 Nd7 18. Ng5 Bg4 19. h3 Bh5 20. g4 Bg6 21. Nf3 h5
22. g5 h4 23. Qc3 Bd6 24. Rfe1 Nc5 25. Bc2 f6 26. gxf6 gxf6 27. Rbd1 Ne6 28.
Bc1 Bc5 29. Be3 Rxa3 30. Qd2 Bh5 0-1

[Event "Sofia MTel Masters 2nd"]
[Site "Sofia"]
[Date "2006.05.11"]
[Round "1"]
[White "Ponomariov, Ruslan"]
[Black "Kamsky, Gata"]
[Result "1/2-1/2"]
[WhiteElo "2738"]
[BlackElo "2671"]
[Annotator "Marin,M"]
[PlyCount "127"]
[EventDate "2006.05.11"]
[EventType "tourn"]
[EventRounds "10"]
[EventCountry "BUL"]
[EventCategory "20"]
[SourceTitle "CBM 113"]
[Source "ChessBase"]
[SourceDate "2006.07.31"]
[SourceVersion "1"]
[SourceVersionDate "2006.07.31"]
[SourceQuality "1"]

1. e4 e5 2. Nf3 Nc6 3. Bb5 a6 4. Ba4 Nf6 5. O-O Be7 6. Re1 b5 7. Bb3 O-O 8. h3
Bb7 9. d3 d6 10. a3 Qd7 11. Nc3 Nd8 12. d4 exd4 13. Nxd4 Re8 14. Nf5 Ne6 15.
Qf3 Bf8 16. Be3 c5 17. Nd5 Bxd5 18. Bxd5 Nxd5 19. exd5 Nc7 20. Bd2 Rxe1+ 21.
Rxe1 Re8 22. Rxe8 Nxe8 23. b3 g6 24. Nh6+ Bxh6 25. Bxh6 {In spite of the
relatively advanced stage of the game, this position is not new: it had been
seen less than two weeks earlier in the game Ivanchuk-Grischuk, Sochi 2006.} f6
({The aforementioned game continued with} 25... Qe7 {featuring a similar
scenario: Black managed to hold a slightly inferior position. Apparently,
Kamsky was not aware of this detail, given the fact that he had consumed
considerable amount of time until this moment, which left him in slight time
trouble.}) 26. c4 Kf7 27. Qd3 Ke7 28. g4 Kd8 29. Kg2 Kc8 30. Bd2 Nc7 31. Bc3
Qf7 32. Qf3 Ne8 33. Qe4 Nc7 34. Kg3 Kd7 35. Ba5 Qe8 36. Kf3 Qxe4+ 37. Kxe4 bxc4
38. bxc4 Ne8 39. Bd2 Ke7 40. Kd3 Kd7 41. Kc3 Kc7 42. Kb3 Kb6 43. Bh6 Kb7 44. h4
f5 45. gxf5 gxf5 46. Bg5 Kc8 47. h5 Kd7 48. Kc3 h6 49. Bxh6 Nf6 50. Kb3 Nxh5
51. Ka4 Nf6 52. Bf4 Ng4 53. Bg3 f4 54. Bxf4 Nxf2 55. Bg3 Ne4 56. Bf4 Kc7 57.
Kb3 Kd7 58. Kc2 Nf2 59. Kd2 Ne4+ 60. Kd3 Nf2+ 61. Ke2 Ne4 62. Kd3 Nf2+ 63. Ke2
Ne4 64. Kd3 1/2-1/2

[Event "Sofia MTel Masters 2nd"]
[Site "Sofia"]
[Date "2006.05.14"]
[Round "4"]
[White "Kamsky, Gata"]
[Black "Svidler, Peter"]
[Result "1-0"]
[WhiteElo "2671"]
[BlackElo "2743"]
[Annotator "Marin,M"]
[PlyCount "47"]
[EventDate "2006.05.11"]
[EventType "tourn"]
[EventRounds "10"]
[EventCountry "BUL"]
[EventCategory "20"]
[SourceTitle "CBM 113"]
[Source "ChessBase"]
[SourceDate "2006.07.31"]
[SourceVersion "1"]
[SourceVersionDate "2006.07.31"]
[SourceQuality "1"]

1. e4 c5 2. Nf3 e6 3. d4 cxd4 4. Nxd4 Nc6 5. Nc3 d6 6. Be2 Nf6 7. O-O Be7 8.
Be3 O-O 9. f4 e5 {This variation used to be fashionable quarter of century ago.
It made part of the repertoire of such players like Ulf Andersson and a very
young Garry Kasparov. By the way, they also reached this position via Paulsen
move order.} 10. Nxc6 ({Not a very popular continuation. In the days of
highest popularity of this line, the main directions of investigations
consisted of} 10. Nb3 exf4 11. Rxf4 Be6 {reaching a position typical for the
Najdorf variation but with the minor difference that the black a-pawn finds
itself on its initial square and}) (10. fxe5 dxe5 11. Nf5 {. As we shall see,
Kamsky followed his own footsteps.}) 10... bxc6 {In spite of ensuring Black a
good control of the central squares, the pawn tandem c6-d6 an easily become
the object of attack of White's pieces.} 11. Kh1 exf4 ({Refraining from this
exchange for too long proved to be sangerous for Black after} 11... Be6 12. Bf3
Bc4 13. Re1 Nd7 14. b3 Ba6 15. f5 Nf6 16. g4 {in Kamsky-Khalifman, Las Vegas
FIDE KO 1999.}) 12. Bxf4 Be6 13. Bf3 Qb6 14. b3 Rfd8 ({Not a very inspired
novelty. The king side will remain vulnerable now. In a recent game,} 14...
Rad8 {was tried:} 15. Qe1 Kh8 ({Not easy to understand.} 15... Rfe8 {,
completing the development, looks more natural.}) 16. Rd1 Qa5 17. Bd2 Qe5 18.
Ne2 d5 19. Bf4 Qb2 20. e5 Ne4 21. Nd4 Bc5 22. Nxe6 fxe6 23. Bxe4 dxe4 24. Qxe4
Rxd1 25. Rxd1 Qxa2 26. h3 {with a better coordination of White's pieces in Xu
Yuhua-Kovalevskaya, Ekaterinburg 2006.}) 15. Qe1 Nd7 $2 {A terrible blunder.
Svidler's desire to transfer the knight to e5 is understandable, but he
obviously missed White's simple tactical blow.} 16. Nd5 $1 cxd5 17. exd5 Bg4
18. Qxe7 Bxf3 19. Rxf3 Nf6 20. Be3 Qa5 21. Rxf6 $1 {Black's king is helpless
now.} gxf6 22. Qxf6 Re8 23. Qg5+ Kf8 24. Bd2 (24. Bd2 {The only way to prevent
Qf6 followed by Bh6+ consists of} Qd8 {but then} 25. Qh6+ Kg8 26. Bc3 {ensures
White a decisive advantage.}) 1-0

[Event "Sofia MTel Masters 2nd"]
[Site "Sofia"]
[Date "2006.05.15"]
[Round "5"]
[White "Topalov, Veselin"]
[Black "Kamsky, Gata"]
[Result "1-0"]
[WhiteElo "2804"]
[BlackElo "2671"]
[Annotator "Rogozenco,D"]
[PlyCount "83"]
[EventDate "2006.05.11"]
[EventType "tourn"]
[EventRounds "10"]
[EventCountry "BUL"]
[EventCategory "20"]
[SourceTitle "CBM 113"]
[Source "ChessBase"]
[SourceDate "2006.07.31"]
[SourceVersion "1"]
[SourceVersionDate "2006.07.31"]
[SourceQuality "1"]

1. d4 {Marin} d5 2. c4 c6 3. Nf3 Nf6 4. Nc3 a6 {Marin: Given the fact that
Topalov himself included the a6-Slav in his repertoire recently, Kamsky's
opening choice can be regarded as double-edged. From psychological point of
view, Topalov could possibly face slight problems playing "against himself",
but on the other hand, one would expect that he is well-versed in all the
subtleties of this variation.} 5. c5 {Marin: This is one of the most ambitious
continuations. White not only prevents in radical way Black's plan to win
space on the queen side by means of ...b5, but also takes under control the
b6-square, which has just been weakened on the previous move. We can see a
similar way to meet ...a6 in other closed variations. For instance, in the
Swiss Variation of the Queen's Gambit Declined, characterized by the moves 1.
d4 d5 2.c4 e6 3.Nc3 Nf6 4.Bg5 Be7 5.e3 0-0 6.Nf3 Nbd7 7.Rc1 a6!?, one of
White's main options is 8.c5. After 5.c5 from the Slav Opening, the queen side
position usually remains blocked for a long while. The pawn break ...b6 would
leave the c5-square weak (here we can notice the small damaged caused by the
advance of the a-pawn: Black cannot meet cxb6 with ...axb6 any more) while
White's plan based on b4, a4, b5 is too time consuming for the moment. These
aspects transform the centre into the main theatre of operations, with the
pawn breaks e4 and ...e5 as the main topic.} Nbd7 6. Bf4 Nh5 {Marin: 'Black
does not tolerate the bishop on this active square. One of the ideas behind
playing ...Nbd7 at such an early stage is to take the e5-square under control
in order to prevent (or, better said,discourage) Be5, which would caused Black
some lack of coordination if he had played ...g6 instead.'} 7. Bd2 Nhf6 8. Rc1
{A rare move, prepared by Topalov especially for the tournament in Sofia. That
was a very inspired decision, as it brought Topalov two very important
victories.  The idea of 8.Rc1 is that in some concrete variations the rook on
c1 is more useful than the queen on c2.} ({For instance, after the common
continuation} 8. Qc2 {Black can play} g6 9. h3 (9. e4 dxe4 10. Nxe4 Nxe4 11.
Qxe4 Nf6 $11) 9... Qc7 (9... Bg7 10. Bf4 O-O 11. e3 Ne4 {is a reasonable
alternative} (11... Ne8 $14)) 10. g3 e5 11. Nxe5 Nxe5 {and Black often can
develop the B on f5 with tempo:} 12. Bf4 (12. dxe5 Bf5 $5 13. Qb3 Nd7 $13)
12... Bf5 13. Qd2 Nfd7 $13) 8... g6 ({Several days later Bacrot played} 8... e5
{but didn't solve the problems and quickly got an worse position:} 9. Nxe5 Nxe5
10. dxe5 Ng4 11. Na4 Nxe5 12. Bc3 f6 13. Nb6 Rb8 14. Nxc8 Rxc8 15. g3 Qd7 16.
h4 $1 $36 {1-0 Topalov,V (2804)-Bacrot,E (2708)/Sofia BUL 2006/D-TWIC 477-603 
(42)}) (8... Qc7 9. g3 $5 e5 (9... g6 $6 10. Bf4 $14 {/+/-}) 10. Nxe5 Nxe5 11.
Bf4 {leads to unexplored complications.}) 9. h3 {Marin: 'Aiming to ensure
stability to the bishop on the h2-b9 diagonal.'} Qc7 {Recommended by Korchnoi
and played by Topalov recently, 9...Qc7 has some certain drawbacks, though. It
is designed to prevent opponent's dark-squared bishop from occupying the
diagonal b8-h2. A common reaction from White is 10.g3 and then in order to
justify his play Black must continue 10...e5, but as we'll see in that case
with the rook on c1 (instead of the queen on c2) concrete variations favour
White. Another approach after 10.g3 is to allow White Bf4, like Kamsky did in
the present game. However, losing time in order to provoke g2-g3 doesn't look
particularly attractive and therefore 9...Qc7 can hardly be the optimal choice.
} ({An important alternative is} 9... Bg7 10. Bf4 Ne4 (10... O-O 11. e3 Ne4 ({
Insufficient is} 11... Ne8 12. Be2 (12. Bd3 f6 $1 {leads to the game
Kasparov-Genius 3, Cologne 1995, where the opening result favoured Black. That
game pointed out the drawbacks of developing the bishop on d3.} 13. e4 {Marin}
e5 {The position becomes very sharp now. During the next sequence of moves,
one of the greatest players of the history was completely outplayed by a
machine.} 14. dxe5 Nxc5 15. exd5 fxe5 16. Be3 Nxd3+ 17. Qxd3 e4 18. Qxe4 Nf6
19. Qc4 Nxd5 20. Nxd5 Be6 21. O-O Bxd5 {with a huge advantage for Black, who,
nevertheless went on losing as a consequence of exagerated greediness in
Kasparov-Comp Chess Genius 3.0, Cologne 1995.}) 12... Nc7 13. O-O Re8 14. Bg5
$1 $14) 12. Be2 Nxc3 13. bxc3 b6 14. cxb6 Qxb6 15. O-O $14 {1-0 Graf,A (2646)
-Kuraszkiewicz,M (2304)/Germany 2003 (46)}) 11. e3 Nxc3 12. bxc3 (12. Rxc3 O-O
13. Be2 Re8 14. O-O e5 15. Bh2 exd4 16. exd4 {1/2-1/2 Golod,V (2571)-Kritz,L 
(2578)/Las Vegas 2006}) 12... Qa5 13. Be2 e5 $5 $13 {0-1 Roussel Roozmon,T 
(2419)-Kritz,L (2578)/Las Vegas 2006 (78)}) 10. g3 {Marin: 'White insists with
the idea of developing the bishop on f4, which Black cannot prevent actually.'}
Bg7 {Looks like the best continuation under the circumstances.} (10... e5 {
played by Topalov two months prior to the present game is much too risky:} 11.
Nxe5 Nxe5 12. Bf4 (12. dxe5 Qxe5 13. Na4 $1 $13) 12... Nfd7 13. e4 $5 ({
More ambitious than} 13. dxe5 Nxe5 14. Bg2 Bg7 15. O-O O-O 16. e4 $14) 13... g5
(13... Bxc5 14. dxc5 O-O 15. Bg2 Nxc5 16. O-O $44) 14. Bxg5 Ng6 15. exd5 Bg7
16. Qe2+ (16. Bg2 O-O 17. O-O $36) 16... Kf8 17. d6 Qa5 18. Be3 b6 19. Bg2 $13
{1/2-1/2 Vallejo Pons,F (2650)-Topalov,V (2801)/Monte Carlo MNC 2006 (38)} (19.
Qf3 $1 $16 {[%cal Gf1c4]})) (10... Nh5 $6 11. Bg2 e5 $2 12. dxe5 $16 (12. Nxe5
Nxe5 13. dxe5 Bxc5 {1/2-1/2 Nikolov,S (2407)-Rusev,K (2412)/Velingrad 2004} 14.
g4 Ng7 15. b4 Bxb4 16. Nxd5 Bxd2+ 17. Qxd2 Qxe5 18. Nb6 Rb8 19. Nc4 $16) 12...
Nxe5 $140 13. Nxe5 Qxe5 14. Nxd5 cxd5 15. Bc3 $18) 11. Bf4 Qd8 {Marin: 'It
might seem that Black has just lost two tempi. However, precisely these two
moves (g3 and h3) cause some slight contradiction: The bishop's development on
f4 has been enabled, but its stability on the h2-b8 diagonal is not too
reliable.'} (11... Qa5 12. Qd2 Nh5 13. Bg5 Nhf6 14. Bg2 h6 15. Be3 $16 {
1-0 Filip,L (2385)-Nevednichy,B (2302)/Timisoara 2005 (33)}) 12. Bg2 ({The
alternative} 12. g4 Ne4 {is less problematic for Black.}) 12... Nh5 (12... O-O
{Maybe Black should have castled first in order to prevent a quick e2-e4.}) 13.
Bg5 h6 14. Bd2 O-O 15. e4 $1 $14 dxe4 16. Nxe4 Nhf6 ({Kamsky suggested} 16...
Ndf6 17. Nc3 Nd5 {as a possible alternative. However, White's chances are
preferable after} 18. O-O Nhf6 19. Re1 $14) 17. Nc3 Re8 {Kamsky's idea is to
clear square f8 in order to transfer the knight from d7 to d5. This is
somewhat slow and leaves White with more space.} ({The principled continuation
is} 17... e5 18. dxe5 Re8 19. O-O (19. Be3 Nxe5 20. Nxe5 Qxd1+ 21. Rxd1 Rxe5
22. Rd8+ Re8 {looks acceptable for Black}) 19... Nxe5 20. Nxe5 Rxe5 {and after
the strongest} 21. Na4 {Black must choose between a slightly inferior position
after} (21. Bf4 Qxd1 22. Rfxd1 Re8 $11) 21... Nd5 ({the positional exchange
sacrifice} 21... Rd5 $5 22. Bxd5 Nxd5 {The players had different opinions
about it: Topalov thought that Black has sufficient compensation, while Kamsky
preferred White here.}) ({or the sharp complications:} 21... Bxh3 22. Bxh3 Rd5
23. Rc2 Ne4 24. Nb6 Nxd2 {although here too, after} 25. Re1 {White's chances
are preferable}) 22. Bc3 Re8 23. Bxg7 Kxg7 $14) 18. O-O Nf8 ({After} 18... e5 {
White can choose between} 19. Be3 {(which was Topalov's intention)} ({or} 19.
dxe5 {leading to variations from 17...e5, see the previous annotation.})) 19.
Qb3 $1 {Pointing out Black's problems with his queenside.} Ne6 20. Be3 Nc7 $1
21. Ne5 Nfd5 22. Nxd5 (22. Bd2 Be6 $1 {and White cannot take on b7:} 23. Qxb7
$2 Bxe5 24. Nxd5 (24. dxe5 Rb8 25. Qxc6 (25. Qa7 Qc8 $19) 25... Bd7 $19) 24...
Rb8 25. Qxc6 Bd7 $17) (22. Rfd1 $5) 22... Nxd5 23. Bd2 {Marin: 'In spite of
Black's control of the d5-square, White has strong pressure. For Black it will
be not easy to develop his queen side.' Kamsky succeeded to exchange a pair of
knights and decrease from White's advantage, nevertheless Black still has
problems to develop his queenside.} Bxe5 {This radical solution would have
been acceptable in case of a quick ...Be6, but Black does not have time for
that.} ({Variations like} 23... Qc7 24. Rfe1 Be6 (24... Rd8 25. Nc4 $16) 25.
Nxg6 Qc8 {can hardly work. White has few attractive possibilities:} 26. Ne5 ({
Good is also} 26. Rxe6 $5 Qxe6 27. Ne5 $44) 26... Nf4 (26... Bxh3 27. Bxd5 cxd5
28. Qxd5 $16) 27. d5 $1 Nxd5 (27... Bxd5 28. Bxd5 Nxd5 29. Rc4 $40) 28. Nc4 $14
) (23... Be6 $2 24. Qxb7 Bxe5 25. dxe5 Rb8 26. Qxc6 $18) 24. dxe5 h5 {
Unfortunately, before playing ...Be6 Black must spend time for a lot of other
moves.} 25. Rfe1 Qc7 {Protecting b7 and finally being ready for ...Be6.} 26. e6
$1 {Opening the position.} Bxe6 27. Rxe6 $1 fxe6 28. Re1 $16 {Two strong
bishops and a lot of weaknesses in Black's position (especially around his
king) secure White a wonderful compensation for the exchange).} Qd7 ({In
Shipov's opinion, best chances to defend would have offered the move} 28... e5
{and then} 29. Bc3 ({Weaker is} 29. Bxd5+ cxd5 30. Qxd5+ e6 31. Qe4 Qf7 32. Bc3
Rad8 33. Qxe5 Kh7 $13) 29... e6 30. Bxe5 Qf7 31. Be4 $44) 29. Qd3 Kh7 (29...
Kg7 30. Bc3+ $16) 30. Re5 {White's attack goes very smoothly.} Nf6 31. Qe3 Kg7
32. Be4 $1 Kf7 (32... Nxe4 33. Rxe4 $18) 33. Bc2 Rad8 $6 ({More stubborn is} 
33... Rg8 34. Qh6 Raf8 35. Bc3 $16) 34. Qh6 Rg8 (34... Qxd2 35. Bxg6+ Kg8 36.
Rg5 $18) 35. Ba5 Qd4 $2 {Loses at once.} ({Relatively best was} 35... Rg7 {
although after the simple} 36. Bxd8 Qxd8 37. Bb3 Nd5 38. Rxe6 $16 {White has a
huge advantage.}) (35... Rdf8 36. Rg5 $18) 36. Bc3 $18 Qc4 37. Bb3 Qd3 38.
Bxe6+ Ke8 39. Kg2 Rf8 40. Qg7 Rd5 41. Bf5 Rf7 42. Rxe7+ (42. Rxe7+ Rxe7 (42...
Kxe7 43. Bxf6+ Ke8 44. Qg8+ Rf8 45. Qe6#) 43. Qh8+ Kf7 44. Qxf6+ Ke8 45. Qh8+
Kf7 46. Qg7+ Ke8 47. Qg8#) 1-0

[Event "Sofia MTel Masters 2nd"]
[Site "Sofia"]
[Date "2006.05.17"]
[Round "6"]
[White "Kamsky, Gata"]
[Black "Ponomariov, Ruslan"]
[Result "1-0"]
[WhiteElo "2671"]
[BlackElo "2738"]
[Annotator "Marin,M"]
[PlyCount "81"]
[EventDate "2006.05.11"]
[EventType "tourn"]
[EventRounds "10"]
[EventCountry "BUL"]
[EventCategory "20"]
[SourceTitle "CBM 113"]
[Source "ChessBase"]
[SourceDate "2006.07.31"]
[SourceVersion "1"]
[SourceVersionDate "2006.07.31"]
[SourceQuality "1"]

1. e4 e5 2. Nf3 Nc6 3. Bb5 a6 4. Ba4 Nf6 5. O-O Be7 6. Re1 b5 7. Bb3 O-O 8. h3
Bb7 9. d3 d6 10. a3 Qd7 {Kamsky does not mind playing this variation with both
colours. This is the third time in this tournament that he reaches this very
position. The first time it happened against the same opponent, but with
reversed colours.} 11. Nbd2 ({But now he deviates from Ponomariov's} 11. Nc3)
11... Rfe8 ({Ponomariov shows that he has his own ideas, too.} 11... Nd8 {
was succesfully tried in Anand-Kamsky, Sofia 2006.}) 12. Nf1 Nd8 13. Ng3 Ne6
14. c3 c5 15. d4 {If we compare with the game Anand-Kamsky, Black cannot hold
his e5-pawn here, because White is much better developed and the threat of
winning a pawn is quite real.} exd4 16. cxd4 d5 17. e5 Ne4 18. Nf5 Bf8 19. Be3
Rac8 20. dxc5 N6xc5 21. N5d4 {The almost absolute stability on the d4-square
offers White the more pleasant position.} Nxb3 22. Qxb3 Nc5 23. Qd1 a5 24. Qb1
Ne4 25. Rd1 b4 26. axb4 Bxb4 27. Nc2 Qe7 28. Nxb4 Qxb4 29. Qa2 Ra8 30. Rd4 Qb5
31. Ra4 Bc6 32. Rxa5 Rxa5 33. Qxa5 Qxb2 34. Rc1 Ba8 35. Rc7 {In spite of
simplifications, White maintains unpleasant pressure. With his next move,
Ponomariov tries to solve his problems by unblocking the d4-square and
activating the a8-bishop (something Nimzovich would certainly recommend from
general point of view) but misses Kamsky's spectacular reply.} d4 $2 36. e6 $3
{This successive pawn moves are very much related to each other regarding
their basic ideas but differ enormously from the point of view of their
objective merits. White cleares the fifth rank for his queen and the long dark
diagonal for his bishop, forcing Black to weaken his seventh rank at the same
time. Can we ask for more from a modest pawn?} Qb1+ ({Removing the queen from
the exposed b2-square. The immediate} 36... fxe6 {would have been met by} 37.
Rxg7+ $1) 37. Kh2 fxe6 38. Qh5 {The Black king is helpless against the
combined action of the white pieces.} Nd6 39. Bxd4 {The bishop captures this
pawn 3 moves later than Ponomariov might have expected and with devastating
effect we must say.} Bxf3 40. Rxg7+ Kf8 41. Qh6 ({After} 41. Qh6 Re7 {(What
else?)} 42. Qf6+ {Black has a choice betwen two echo-variations:} Rf7 ({
In case of} 42... Nf7 43. Rg8+ Kxg8 {the mate is delivered on a different
square:} 44. Qg7#) 43. Rg8+ Kxg8 {and now} 44. Qh8#) 1-0